The truth about bats / (Record no. 2187)

MARC details
000 -LEADER
fixed length control field 00865nam a22002537a 4500
005 - DATE AND TIME OF LATEST TRANSACTION
control field 20231108150915.0
020 ## - INTERNATIONAL STANDARD BOOK NUMBER
International Standard Book Number 9780439107983
040 ## - CATALOGING SOURCE
Original cataloging agency FISKH
Language of cataloging eng
Transcribing agency FISKH
Modifying agency FISKH
050 ## - LIBRARY OF CONGRESS CALL NUMBER
Classification number QL737.C5
082 ## - DEWEY DECIMAL CLASSIFICATION NUMBER
Classification number 813.54
100 ## - MAIN ENTRY--PERSONAL NAME
Personal name Moore, Eva
245 ## - TITLE STATEMENT
Title The truth about bats /
Statement of responsibility, etc. The Magic School Bus Chapter Book
260 ## - PUBLICATION, DISTRIBUTION, ETC.
Place of publication, distribution, etc. New York :
Name of publisher, distributor, etc. Scholastic,
Date of publication, distribution, etc. 1999
300 ## - PHYSICAL DESCRIPTION
Extent 70 pages :
Other physical details illustrations
Dimensions 19 cm
505 ## - FORMATTED CONTENTS NOTE
Formatted contents note K
520 ## - SUMMARY, ETC.
Summary, etc. The Magic School Bus takes Ms. Frizzle and her class on a trip around the United States looking for bats. During the trip the class learns many amazing facts about bats, including what they eat, where they live, how echolocation works, and more.
521 ## - TARGET AUDIENCE NOTE
Target audience note 600
Source Lexile
521 ## - TARGET AUDIENCE NOTE
Target audience note K
Source Raz-Plus
650 ## - SUBJECT ADDED ENTRY--TOPICAL TERM
Topical term or geographic name entry element Animal
650 ## - SUBJECT ADDED ENTRY--TOPICAL TERM
Topical term or geographic name entry element Mammal
700 ## - ADDED ENTRY--PERSONAL NAME
Personal name Enik, Ted
Relator term Illustrator
942 ## - ADDED ENTRY ELEMENTS (KOHA)
Source of classification or shelving scheme Dewey Decimal Classification
Koha item type Books
Suppress in OPAC No
999 ## -
-- 2187
-- 2187
Holdings
Withdrawn status Lost status Source of classification or shelving scheme Damaged status Not for loan Collection Home library Current library Shelving location Date acquired Total Checkouts Full call number Barcode Date last seen Price effective from Koha item type
    Dewey Decimal Classification     Juvenile Fiction Footprints International School Library Network Toul Kork Campus Footprints International School Library Network Toul Kork Campus TK Primary Library Room(4th Floor), Bookcase 3&4, Shelves 17-32, Yellow Books 11/08/2023   MOO 813.54 QL737.C5 FISTK01898 11/08/2023 11/08/2023 Books